000 00290nam a22001337a 4500
008 170526b xxu||||| |||| 00| 0 eng d
020 _a00702449237
041 _aeng
080 _24 ED
_a621.38
100 _a25
101 _aIM
245 _aBASIC ELECTRONICS
_cGROB.B
942 _2udc
_cBK
999 _c14443
_d14443